[Event "WchT Seniors 50"]
[Site "Prague"]
[Date "2020.03.08"]
[Round "3.9"]
[White "Chaloupka, Frantisek"]
[Black "Ruzicka, Tomas"]
[Result "1-0"]
[WhiteElo "1990"]
[BlackElo "1748"]
[PlyCount "81"]
[EventDate "2020.03.06"]
[EventType "team-swiss"]
[EventRounds "7"]
[EventCountry "CZE"]
[SourceTitle "CBM 195 Extra"]
[Source "ChessBase"]
[SourceDate "2020.05.31"]
[SourceVersion "1"]
[SourceVersionDate "2020.05.31"]
[SourceQuality "1"]
[WhiteTeam "Czech Republic 50 V"]
[BlackTeam "Czech Republic 50 XIII"]
[WhiteTeamCountry "CZE"]
[BlackTeamCountry "CZE"]

1. e4 e5 2. Nf3 Nf6 3. Nxe5 d6 4. Nf3 Nxe4 5. d3 Nf6 6. Bg5 Be7 7. Be2 0-0 8. 0-0 Be6 9. Nd4 Nbd7 10. Nd2 Ne5 11. Nxe6 fxe6 12. c3 Ng6 13. Qb3 Qc8 14. d4 Nd5 15. Bxe7 Ngxe7 16. Rae1 b6 17. Bg4 Rf6 18. Ne4 Rg6 19. Ng5 Nf4 20. Nxe6 Rxg4 21. Nxf4+ Kf8 22. Ne6+ Kg8 23. Nxc7+ Kf8 24. Ne6+ Kg8 25. Ng5+ d5 26. f3 Rxg5 27. Rxe7 Qh3 28. Rf2 Qh4 29. Qd1 Rh5 30. Qe1 Qxh2+ 31. Kf1 Qh1+ 32. Ke2 Qxe1+ 33. Kxe1 Kf8 34. Rfe2 a5 35. Rb7 Rh6 36. Kf2 Re8 37. Rxe8+ Kxe8 38. Rxg7 Kd8 39. f4 Kc8 40. f5 Rh1 41. f6 1-0

[Event "Marianske Lazne Seniors op 17th"]
[Site "Marianske Lazne"]
[Date "2018.01.20"]
[Round "1"]
[White "Ruzicka, Tomas"]
[Black "Bartos, Jan"]
[Result "1/2-1/2"]
[WhiteElo "1762"]
[BlackElo "2197"]
[PlyCount "49"]
[EventDate "2018.01.20"]
[EventType "swiss"]
[EventRounds "9"]
[EventCountry "CZE"]
[SourceTitle "CBM 182 Extra"]
[Source "ChessBase"]
[SourceDate "2018.02.23"]
[SourceVersion "1"]
[SourceVersionDate "2018.02.23"]
[SourceQuality "1"]

1. e4 g6 2. f4 Bg7 3. Nf3 d5 4. e5 Nh6 5. d4 0-0 6. Bd3 Bf5 7. 0-0 Bxd3 8. Qxd3 c6 9. Nc3 Na6 10. a3 Qd7 11. Ne2 Rac8 12. Ng3 f6 13. Nh4 fxe5 14. fxe5 Rxf1+ 15. Kxf1 c5 16. Bxh6 Bxh6 17. c3 cxd4 18. cxd4 Qc6 19. Re1 Nc7 20. Kg1 Ne6 21. Nxg6 hxg6 22. Qxg6+ Bg7 23. Nf5 Qd7 24. Nh6+ Kh8 25. Nf7+ 1/2-1/2

[Event "Wch Seniors 50 26th"]
[Site "Marianske Lazne"]
[Date "2016.11.27"]
[Round "8"]
[White "Svoboda, Frantisek"]
[Black "Ruzicka, Tomas"]
[Result "1-0"]
[WhiteElo "1701"]
[BlackElo "1796"]
[PlyCount "61"]
[EventDate "2016.11.19"]
[EventType "swiss"]
[EventRounds "11"]
[EventCountry "CZE"]
[SourceTitle "CBM 175 Extra"]
[Source "ChessBase"]
[SourceDate "2016.12.12"]
[SourceVersion "1"]
[SourceVersionDate "2016.12.12"]
[SourceQuality "1"]

1. d4 Nf6 2. Nf3 g6 3. e3 Bg7 4. Bd3 d5 5. Nbd2 0-0 6. c3 Nc6 7. 0-0 Bg4 8. Re1 e5 9. dxe5 Nxe5 10. Bc2 c6 11. h3 Bh5 12. Qe2 Qd7 13. Nxe5 Bxe2 14. Nxd7 Nxd7 15. Rxe2 Rfe8 16. Nf3 Re7 17. Bd2 Rae8 18. Rae1 c5 19. Kf1 b5 20. Bc1 a5 21. e4 d4 22. Bd2 a4 23. cxd4 cxd4 24. Bd3 Rb8 25. Bb4 Ree8 26. Rc2 h6 27. Rc7 Ne5 28. Nxe5 Bxe5 29. Rc6 Kg7 30. Bd6 Bf6 31. Bxb8 1-0

[Event "Wch Seniors 50 26th"]
[Site "Marianske Lazne"]
[Date "2016.11.24"]
[Round "6"]
[White "Valet, Richard"]
[Black "Ruzicka, Tomas"]
[Result "1-0"]
[WhiteElo "1943"]
[BlackElo "1796"]
[PlyCount "57"]
[EventDate "2016.11.19"]
[EventType "swiss"]
[EventRounds "11"]
[EventCountry "CZE"]
[SourceTitle "CBM 175 Extra"]
[Source "ChessBase"]
[SourceDate "2016.12.12"]
[SourceVersion "1"]
[SourceVersionDate "2016.12.12"]
[SourceQuality "1"]

1. e4 e5 2. Nf3 d6 3. d4 exd4 4. Qxd4 Nc6 5. Bb5 Bd7 6. Qe3 Nf6 7. 0-0 Be7 8. Nc3 0-0 9. a4 Nb4 10. Qe2 Bg4 11. Bg5 a6 12. Bc4 Nd7 13. Bxe7 Qxe7 14. h3 Bxf3 15. Qxf3 Nxc2 16. Nd5 Qd8 17. Rad1 c5 18. Qg3 Ne5 19. Ba2 Nd4 20. Rfe1 Qa5 21. f4 Qxa4 22. Nc3 Qe8 23. fxe5 Qxe5 24. Qg4 b5 25. Bd5 Ra7 26. Rd2 a5 27. Rf1 b4 28. Nd1 Ne6 29. Rf5 1-0

[Event "Wch Seniors 50 26th"]
[Site "Marianske Lazne"]
[Date "2016.11.19"]
[Round "1"]
[White "Koehler, Gerhard"]
[Black "Ruzicka, Tomas"]
[Result "1-0"]
[WhiteElo "2182"]
[BlackElo "1796"]
[PlyCount "79"]
[EventDate "2016.11.19"]
[EventType "swiss"]
[EventRounds "11"]
[EventCountry "CZE"]
[SourceTitle "CBM 175 Extra"]
[Source "ChessBase"]
[SourceDate "2016.12.12"]
[SourceVersion "1"]
[SourceVersionDate "2016.12.12"]
[SourceQuality "1"]

1. c4 e5 2. Nc3 Nf6 3. g3 c6 4. d4 exd4 5. Qxd4 Be7 6. Bg2 0-0 7. Nf3 Na6 8. 0-0 Bc5 9. Qd1 Nc7 10. e4 a6 11. e5 Ng4 12. h3 Nxf2 13. Rxf2 Bxf2+ 14. Kxf2 Ne6 15. Be3 f5 16. exf6 Qxf6 17. Kg1 Qg6 18. Kh2 b5 19. Nh4 Qf7 20. cxb5 axb5 21. Nxb5 d5 22. Nd4 Bd7 23. Nhf3 Qf6 24. Qc2 Rac8 25. Rf1 Nd8 26. Ng5 Qg6 27. Rxf8+ Kxf8 28. Nxh7+ Kf7 29. Ng5+ Kf6 30. Qf2+ Ke7 31. Nb3 Ne6 32. Nxe6 Bxe6 33. h4 Qg4 34. Bg5+ Ke8 35. Qc5 Rc7 36. Qd6 Rd7 37. Qxc6 Kf7 38. Nc5 Ra7 39. Nxe6 Qxe6 40. Bxd5 1-0

[Event "Marianske Lazne op 14th"]
[Site "Marianske Lazne"]
[Date "2015.01.21"]
[Round "6"]
[White "Ruzicka, Tomas"]
[Black "Hoke, Petr"]
[Result "1-0"]
[WhiteElo "1764"]
[BlackElo "1948"]
[PlyCount "113"]
[EventDate "2015.01.17"]
[EventType "swiss"]
[EventRounds "9"]
[EventCountry "CZE"]
[SourceTitle "CBM 164 Extra"]
[Source "ChessBase"]
[SourceDate "2015.03.02"]
[SourceVersion "1"]
[SourceVersionDate "2015.03.02"]
[SourceQuality "1"]

1. e4 e5 2. Nf3 d6 3. d4 Nd7 4. Bc4 c6 5. 0-0 Be7 6. dxe5 dxe5 7. Ng5 Bxg5 8. Qh5 Qe7 9. Qxg5 Qxg5 10. Bxg5 Ngf6 11. Nd2 Nc5 12. f3 b5 13. Be2 Be6 14. b3 0-0-0 15. c4 Nd3 16. cxb5 cxb5 17. a4 Nf4 18. Bxf4 exf4 19. Rfd1 bxa4 20. bxa4 Rd7 21. Rab1 Rc7 22. Ba6+ Kd7 23. Nc4+ Ke7 24. Ne5 Nd7 25. Nxd7 Bxd7 26. Bb5 Rd8 27. Rd5 Be6 28. Rxd8 Kxd8 29. Rd1+ Ke7 30. Rd2 Bd7 31. Rd5 Bxb5 32. Rxb5 g6 33. Kf2 Kd6 34. g3 Rc2+ 35. Kg1 fxg3 36. hxg3 Kc6 37. Ra5 Kb6 38. Rb5+ Ka6 39. Rd5 Ra2 40. Rd7 Rxa4 41. Rxf7 Ra2 42. Rxh7 Kb5 43. Rg7 a5 44. Rxg6 a4 45. Rg8 Kc5 46. Rd8 Ra1+ 47. Kf2 a3 48. Ra8 a2 49. Kg2 Kd6 50. f4 Kc5 51. g4 Kd4 52. Ra4+ Ke3 53. f5 Kf4 54. f6 Rb1 55. Rxa2 Kxg4 56. f7 Rb8 57. Rf2 1-0

[Event "Marianske Lazne op 14th"]
[Site "Marianske Lazne"]
[Date "2015.01.18"]
[Round "2"]
[White "Ruzicka, Tomas"]
[Black "Kraszewski, Grzegorz"]
[Result "1-0"]
[WhiteElo "1764"]
[BlackElo "1312"]
[PlyCount "55"]
[EventDate "2015.01.17"]
[EventType "swiss"]
[EventRounds "9"]
[EventCountry "CZE"]
[SourceTitle "CBM 164 Extra"]
[Source "ChessBase"]
[SourceDate "2015.03.02"]
[SourceVersion "1"]
[SourceVersionDate "2015.03.02"]
[SourceQuality "1"]

1. e4 c5 2. f4 Nc6 3. Nf3 d6 4. Bb5 Bd7 5. 0-0 a6 6. Bxc6 Bxc6 7. d3 g6 8. c3 Bg7 9. Be3 e6 10. Nbd2 Ne7 11. Qe2 0-0 12. e5 dxe5 13. fxe5 b6 14. Nc4 Bb5 15. Nd6 Nc6 16. a4 Bxe5 17. axb5 Na5 18. Nxe5 Qxd6 19. Bh6 axb5 20. Bxf8 Rxf8 21. Rf2 c4 22. d4 Nb3 23. Ra7 Nc1 24. Qf1 Nd3 25. Rfxf7 Nxb2 26. Rg7+ Kh8 27. Rxh7+ Kg8 28. Rag7# 1-0

[Event "Marianske Lazne op 14th"]
[Site "Marianske Lazne"]
[Date "2015.01.17"]
[Round "1"]
[White "Nguyen, Thai Dai Van"]
[Black "Ruzicka, Tomas"]
[Result "1-0"]
[WhiteElo "2212"]
[BlackElo "1764"]
[PlyCount "107"]
[EventDate "2015.01.17"]
[EventType "swiss"]
[EventRounds "9"]
[EventCountry "CZE"]
[SourceTitle "CBM 164 Extra"]
[Source "ChessBase"]
[SourceDate "2015.03.02"]
[SourceVersion "1"]
[SourceVersionDate "2015.03.02"]
[SourceQuality "1"]

1. e4 e5 2. Nf3 Nf6 3. Nxe5 d6 4. Nf3 Nxe4 5. Nc3 Nxc3 6. dxc3 Nc6 7. Be3 Be6 8. Qd2 Qe7 9. Bb5 Bd7 10. 0-0-0 0-0-0 11. Rhe1 Ne5 12. Bxd7+ Rxd7 13. Bxa7 f6 14. Be3 Qf7 15. Kb1 Nxf3 16. gxf3 Qh5 17. f4 Qa5 18. Qe2 Be7 19. Qg4 Bd8 20. f5 Re7 21. Rd4 h5 22. Qh3 Re5 23. Red1 Rb5 24. c4 Re5 25. b3 Qc3 26. R4d3 Qb4 27. Qg2 Rg8 28. c5 Be7 29. cxd6 Bxd6 30. Rd4 Qb5 31. Bf4 Rxf5 32. Bxd6 cxd6 33. Rxd6 Rc5 34. Qh3+ Kb8 35. Qg3 Ka7 36. R6d4 Rc6 37. Ra4+ Ra6 38. Rxa6+ bxa6 39. Qe3+ Kb8 40. Rd6 Re8 41. Rb6+ Kc7 42. Rxb5 Rxe3 43. Rxh5 Re1+ 44. Kb2 Kc6 45. Rh7 Rg1 46. h4 Kd5 47. Rh5+ Kc6 48. Rf5 Re1 49. h5 Re5 50. Rxe5 fxe5 51. c4 Kc5 52. Kc3 a5 53. a3 e4 54. b4+ 1-0

[Event "Tabor op"]
[Site "Tabor"]
[Date "2013.07.28"]
[Round "1"]
[White "Ruzicka, Tomas"]
[Black "Borkovec, Milan"]
[Result "0-1"]
[WhiteElo "1782"]
[BlackElo "2188"]
[PlyCount "36"]
[EventDate "2013.07.28"]
[EventType "swiss"]
[EventRounds "9"]
[EventCountry "CZE"]
[SourceTitle "CBM 155 Extra"]
[Source "ChessBase"]
[SourceDate "2013.08.26"]
[SourceVersion "1"]
[SourceVersionDate "2013.08.26"]
[SourceQuality "1"]

1. e4 e5 2. f4 d5 3. exd5 c6 4. Qe2 cxd5 5. Qxe5+ Be7 6. Bb5+ Nc6 7. Nf3 Nf6 8. Bxc6+ bxc6 9. 0-0 0-0 10. d3 Re8 11. Qc3 Qb6+ 12. Kh1 Bb4 13. Qb3 Ng4 14. d4 Ba6 15. c3 Bxf1 16. cxb4 Re2 17. Nbd2 Bxg2+ 18. Kg1 Bh3 0-1

[Event "Karlovy Vary op"]
[Site "Karlovy Vary"]
[Date "2009.05.02"]
[Round "6"]
[White "Ruzicka, Tomas"]
[Black "Kovar, Petr1"]
[Result "0-1"]
[WhiteElo "1791"]
[BlackElo "2063"]
[PlyCount "118"]
[EventDate "2009.04.29"]
[EventType "swiss"]
[EventRounds "7"]
[EventCountry "CZE"]
[SourceTitle "CBM 130 Extra"]
[Source "ChessBase"]
[SourceDate "2009.07.02"]
[SourceVersion "2"]
[SourceVersionDate "2009.07.15"]
[SourceQuality "1"]

1. e4 c5 2. c3 Nf6 3. e5 Nd5 4. d4 cxd4 5. cxd4 e6 6. Nf3 Be7 7. Be2 b6 8. 0-0 Bb7 9. Nc3 Nxc3 10. bxc3 Qc7 11. Qc2 h6 12. Bf4 Na6 13. Rac1 Rc8 14. Qa4 Nb8 15. Bg3 Bc6 16. Qb3 g5 17. c4 g4 18. Nh4 Qd8 19. d5 Bxh4 20. Bxg4 Qg5 21. dxc6 Qxg4 22. cxd7+ Nxd7 23. Qa4 Be7 24. Qxa7 Bc5 25. Rcd1 Rd8 26. Rd3 Qxc4 27. Rfd1 0-0 28. Rxd7 Rxd7 29. Qxd7 Qxa2 30. Qd2 Qxd2 31. Rxd2 Ra8 32. Rd1 Ra2 33. Kf1 Kg7 34. Bh4 Kg6 35. g4 h5 36. gxh5+ Kxh5 37. Bg3 Kg6 38. Rd3 b5 39. Rc3 Be7 40. Rc7 Ba3 41. Rc3 b4 42. Rb3 Rc2 43. Ke1 Kf5 44. Kd1 Rc1+ 45. Kd2 Ra1 46. Kd3 Ra2 47. Kc4 Rc2+ 48. Kd3 Rb2 49. Rxb2 Bxb2 50. f4 Bc1 51. Kc4 Bxf4 52. Be1 Bxh2 53. Kxb4 Bxe5 54. Kc4 Ke4 55. Bf2 f5 56. Kb3 Bd4 57. Be1 f4 58. Kc2 f3 59. Kd1 f2 0-1

[Event "Karlovy Vary op"]
[Site "Karlovy Vary"]
[Date "2009.04.30"]
[Round "3"]
[White "Salewski, Bernd"]
[Black "Ruzicka, Tomas"]
[Result "0-1"]
[WhiteElo "2037"]
[BlackElo "1791"]
[PlyCount "62"]
[EventDate "2009.04.29"]
[EventType "swiss"]
[EventRounds "7"]
[EventCountry "CZE"]
[SourceTitle "CBM 130 Extra"]
[Source "ChessBase"]
[SourceDate "2009.07.02"]
[SourceVersion "2"]
[SourceVersionDate "2009.07.15"]
[SourceQuality "1"]

1. d4 Nf6 2. Nc3 d5 3. Bg5 Nbd7 4. Nf3 c6 5. Qd3 b5 6. Bxf6 exf6 7. e4 b4 8. Ne2 Nb6 9. Nd2 Be7 10. g3 0-0 11. Bg2 dxe4 12. Bxe4 g6 13. Bxc6 Rb8 14. Bg2 Re8 15. 0-0 Nd5 16. c4 bxc3 17. bxc3 Rb6 18. c4 Bf5 19. Be4 Nb4 20. Qf3 Bh3 21. Rfc1 f5 22. c5 Re6 23. Qa3 fxe4 24. Qxb4 e3 25. fxe3 Rxe3 26. Nf4 Bf5 27. Nb3 Bg5 28. Rf1 Bxf4 29. Rxf4 Qg5 30. Raf1 Bh3 31. Rxf7 Rxg3+ 0-1

[Event "Cesky Krumlov op 2nd"]
[Site "Cesky Krumlov"]
[Date "2008.10.12"]
[Round "3"]
[White "Baturina, Andrija"]
[Black "Ruzicka, Tomas"]
[Result "1-0"]
[WhiteElo "2036"]
[BlackElo "1773"]
[PlyCount "93"]
[EventDate "2008.10.11"]
[EventType "swiss"]
[EventRounds "9"]
[EventCountry "CZE"]
[SourceTitle "CBM 126 Extra"]
[Source "ChessBase"]
[SourceDate "2008.11.05"]
[SourceVersion "1"]
[SourceVersionDate "2008.11.05"]
[SourceQuality "1"]

1. Nf3 d5 2. g3 Nc6 3. Bg2 e5 4. d4 e4 5. Ne5 Nxe5 6. dxe5 Be6 7. f3 exf3 8. exf3 Bc5 9. Nc3 Qd7 10. b3 f6 11. f4 0-0-0 12. Bb2 fxe5 13. fxe5 Be3 14. Qd3 d4 15. Ne4 Bf5 16. Rf1 Nh6 17. Rd1 Rhf8 18. Nc5 Bxd3 19. Bxb7+ Kb8 20. Nxd7+ Kxb7 21. Rxf8 Rxd7 22. Rxd3 c5 23. c3 Ng4 24. e6 Re7 25. Rf7 Bg5 26. cxd4 cxd4 27. Rxd4 Ne5 28. Rxe7+ Bxe7 29. Ke2 g6 30. Rf4 Nc6 31. Rf7 Kc7 32. Bf6 Kd6 33. Bxe7+ Nxe7 34. Rxh7 Kxe6 35. h4 a6 36. g4 Nd5 37. h5 gxh5 38. gxh5 Nc3+ 39. Kf3 Nxa2 40. Rh6+ Kf7 41. Rxa6 Nb4 42. Rg6 Nd5 43. Kg4 Ne7 44. Kg5 Nd5 45. h6 Ne7 46. Rg7+ Kf8 47. Rxe7 1-0

[Event "Tabor op"]
[Site "Tabor"]
[Date "2008.07.31"]
[Round "6"]
[White "Lizner, Milan"]
[Black "Ruzicka, Tomas"]
[Result "1-0"]
[WhiteElo "2050"]
[BlackElo "1783"]
[PlyCount "47"]
[EventDate "2008.07.26"]
[EventType "swiss"]
[EventRounds "9"]
[EventCountry "CZE"]
[SourceTitle "CBM 125 Extra"]
[Source "ChessBase"]
[SourceDate "2008.09.01"]
[SourceVersion "1"]
[SourceVersionDate "2008.09.01"]
[SourceQuality "1"]

1. e4 e5 2. Nf3 Nf6 3. Nxe5 d6 4. Nf3 Nxe4 5. d4 d5 6. h3 Bd6 7. Bd3 Bf5 8. Be3 0-0 9. Nbd2 Re8 10. Qe2 c5 11. Bb5 Re7 12. Nh4 Bd7 13. Bxd7 Nxd7 14. Nf5 Re6 15. Nxe4 cxd4 16. Nexd6 dxe3 17. 0-0-0 exf2 18. Qxf2 Qg5+ 19. Kb1 g6 20. Nh6+ Qxh6 21. Qxf7+ Kh8 22. Qxe6 Qf8 23. Qxd7 Rd8 24. Nf7+ 1-0

[Event "Strmilov op"]
[Site "Strmilov"]
[Date "2004.05.06"]
[Round "4"]
[White "Ruzicka, Tomas"]
[Black "Havluj, Zdenek"]
[Result "0-1"]
[WhiteElo "1519"]
[BlackElo "1958"]
[PlyCount "102"]
[EventDate "2004.05.05"]
[EventType "swiss"]
[EventRounds "9"]
[EventCountry "CZE"]
[SourceTitle "EXT 2006"]
[Source "ChessBase"]
[SourceDate "2005.11.24"]
[SourceVersion "1"]
[SourceVersionDate "2005.11.24"]
[SourceQuality "1"]

1. e4 d6 2. d4 Nf6 3. Nc3 g6 4. Bd3 Bg7 5. Nge2 0-0 6. 0-0 Nc6 7. a3 e5 8. d5 Ne7 9. Bg5 h6 10. Bh4 g5 11. Bg3 Nh5 12. h3 Nf4 13. Qd2 Neg6 14. Kh2 Nxd3 15. cxd3 f5 16. exf5 Bxf5 17. Ne4 c6 18. N2c3 Nf4 19. Bxf4 exf4 20. f3 c5 21. Nb5 Be5 22. Rae1 a6 23. d4 cxd4 24. Nxd4 Bxe4 25. Rxe4 Qf6 26. Ne6 Rfc8 27. Qb4 b5 28. Re2 Rc4 29. Qd2 Rac8 30. Qa5 h5 31. Qxa6 g4 32. Qb7 Rc1 33. Ree1 R1c2 34. Qxb5 Qh4 35. Re2 Rc1 36. Qe8+ Rxe8 37. Rxc1 Qg3+ 38. Kh1 gxh3 39. gxh3 Qxh3+ 40. Kg1 Rxe6 41. Rg2+ Kf7 42. dxe6+ Kxe6 43. Re1 Kf5 44. Rd1 Qxf3 45. Rdd2 Qe3+ 46. Kf1 f3 47. Rgf2 Bg3 48. Rde2 Bxf2 49. Rxe3 Bxe3 50. b4 h4 51. b5 h3 0-1

[Event "Strmilov op"]
[Site "Strmilov"]
[Date "2004.05.05"]
[Round "2"]
[White "Ruzicka, Tomas"]
[Black "Havlik, Jan"]
[Result "0-1"]
[WhiteElo "1519"]
[BlackElo "2121"]
[PlyCount "78"]
[EventDate "2004.05.05"]
[EventType "swiss"]
[EventRounds "9"]
[EventCountry "CZE"]
[SourceTitle "EXT 2006"]
[Source "ChessBase"]
[SourceDate "2005.11.24"]
[SourceVersion "1"]
[SourceVersionDate "2005.11.24"]
[SourceQuality "1"]

1. e4 c5 2. Nf3 Nc6 3. d4 cxd4 4. Nxd4 e5 5. Nxc6 bxc6 6. Bc4 Nf6 7. Nc3 Bb4 8. Bd2 Bxc3 9. Bxc3 Nxe4 10. Bxe5 Qa5+ 11. c3 Qxe5 12. 0-0 0-0 13. Re1 Qf4 14. Qd4 d5 15. Bd3 Qf6 16. Bxe4 Qxd4 17. Bxh7+ Kxh7 18. cxd4 Rb8 19. b3 Rb4 20. Re7 a5 21. Rc7 a4 22. Rxc6 axb3 23. axb3 Rxb3 24. Rc5 Be6 25. Rd1 Rfb8 26. h3 Rb1 27. Rcc1 Bf5 28. g4 Rxc1 29. Rxc1 Rb1 30. Rxb1 Bxb1 31. f4 Kg6 32. Kf2 Be4 33. h4 f5 34. Kg3 fxg4 35. Kxg4 Bf5+ 36. Kf3 Kh5 37. Kg3 g6 38. Kf3 Kxh4 39. Ke3 Kg3 0-1